000 00695nam a2200241 a 4500
003 AR-BaBNM
005 20251128210736.0
008 082120s2002 ||||||||||||||000 | spa||
020 _a950-07-1015-3
040 _cAR-BaBNM
100 1 _aCabal, Graciela Beatriz
245 0 0 _aSecretos de familia
250 _a3ª ed.
260 _aBuenos Aires
_bSudamericana
_c1999
300 _a276 p.
500 _aTirada especial para el Programa Nacional de Innovaciones Educativas. Ministerio de Educación de la Nación
650 4 _aLITERATURA ARGENTINA
650 4 _aLITERATURA CONTEMPORANEA
653 _aNOVELA AUTOBIOGRAFICA
655 _aLITERATURA
942 _cBK
998 _cMARTIN
999 _c16696
_d16696